[Event "Eschborn op"]
[Site "Eschborn"]
[Date "2018.10.06"]
[Round "4"]
[White "Schwab, Tizian"]
[Black "Drumm, Beate"]
[Result "1-0"]
[WhiteElo "1174"]
[BlackElo "1411"]
[PlyCount "62"]
[EventDate "2018.10.05"]
[EventType "swiss"]
[EventRounds "5"]
[EventCountry "GER"]
[SourceTitle "CBM 187 Extra"]
[Source "ChessBase"]
[SourceDate "2018.11.04"]
[SourceVersion "1"]
[SourceVersionDate "2018.11.04"]
[SourceQuality "1"]

1. e4 d6 2. d4 Nf6 3. Nc3 g6 4. Bc4 Bg7 5. Nf3 0-0 6. 0-0 c6 7. Bd3 Nbd7 8. Be3 Ng4 9. Bf4 e5 10. dxe5 Ngxe5 11. Nxe5 Nxe5 12. Qd2 Qh4 13. Bg5 Qg4 14. Be2 Qe6 15. Bh6 Qe7 16. Bxg7 Kxg7 17. g3 f5 18. exf5 Bxf5 19. Rfe1 Qf6 20. f4 Bh3 21. Qe3 Ng4 22. Bxg4 Bxg4 23. Qe7+ Rf7 24. Qxf6+ Kxf6 25. Ne4+ Kg7 26. Nxd6 Rd7 27. Nc4 Rad8 28. Ne5 Bf5 29. Nxd7 Rxd7 30. Rad1 Rf7 31. Rd8 Bxc2 1-0

[Event "GER-ch Seniors 50"]
[Site "Hamburg"]
[Date "2018.07.29"]
[Round "9"]
[White "Zunk, Olaf"]
[Black "Drumm, Beate"]
[Result "1/2-1/2"]
[WhiteElo "1398"]
[BlackElo "1491"]
[PlyCount "61"]
[EventDate "2018.07.21"]
[EventType "swiss"]
[EventRounds "9"]
[EventCountry "GER"]
[SourceTitle "CBM 186 Extra"]
[Source "ChessBase"]
[SourceDate "2018.08.24"]
[SourceVersion "1"]
[SourceVersionDate "2018.08.24"]
[SourceQuality "1"]

1. b3 e5 2. Bb2 d6 3. e3 f5 4. Nc3 Nc6 5. Bb5 Bd7 6. Nf3 e4 7. Ng1 Nf6 8. f3 d5 9. f4 Bd6 10. h3 Qe7 11. Qe2 0-0-0 12. 0-0-0 Ba3 13. d3 Bxb2+ 14. Kxb2 d4 15. exd4 Nxd4 16. Bxd7+ Rxd7 17. Qe3 Rhd8 18. Nge2 c5 19. Ng3 exd3 20. Qxe7 Rxe7 21. Rxd3 Rde8 22. Na4 Rc7 23. c3 Ne2 24. Nxf5 Nxf4 25. Nd6+ Kb8 26. Nxe8 Nxd3+ 27. Kc2 Nxe8 28. Kxd3 b5 29. Re1 Nf6 30. Nb2 a5 31. a3 1/2-1/2

[Event "GER-ch Seniors 50"]
[Site "Hamburg"]
[Date "2018.07.27"]
[Round "7"]
[White "Drumm, Beate"]
[Black "John, Bernd"]
[Result "1/2-1/2"]
[WhiteElo "1491"]
[BlackElo "1809"]
[PlyCount "54"]
[EventDate "2018.07.21"]
[EventType "swiss"]
[EventRounds "9"]
[EventCountry "GER"]
[SourceTitle "CBM 186 Extra"]
[Source "ChessBase"]
[SourceDate "2018.08.24"]
[SourceVersion "1"]
[SourceVersionDate "2018.08.24"]
[SourceQuality "1"]

1. d4 Nf6 2. c4 c5 3. d5 b5 4. cxb5 a6 5. Nc3 g6 6. e4 d6 7. Be3 Bg7 8. h3 0-0 9. Qd2 axb5 10. Bxb5 Ba6 11. Bxa6 Rxa6 12. Bh6 Nbd7 13. Bxg7 Kxg7 14. f4 e6 15. Qe2 Rb6 16. Rd1 exd5 17. Nxd5 Nxd5 18. Rxd5 Qh4+ 19. Qf2 Qxf2+ 20. Kxf2 Nf6 21. Rd1 Nxe4+ 22. Kf3 Nf6 23. b3 d5 24. Ne2 Ra8 25. Nc3 d4 26. Na4 Rc6 27. Rhe1 Rac8 1/2-1/2

[Event "Pfalz-ch HT1 87th"]
[Site "Landau"]
[Date "2018.03.31"]
[Round "7"]
[White "Drumm, Beate"]
[Black "Nelles, Werner"]
[Result "1-0"]
[WhiteElo "1381"]
[BlackElo "1290"]
[PlyCount "125"]
[EventDate "2018.03.23"]
[EventType "swiss"]
[EventRounds "7"]
[EventCountry "GER"]
[SourceTitle "EXT 2019"]
[Source "ChessBase"]
[SourceDate "2018.10.10"]
[SourceVersion "1"]
[SourceVersionDate "2018.10.10"]
[SourceQuality "1"]

1. d4 c6 2. e4 e6 3. Nc3 Bb4 4. Bd2 b5 5. a3 Bxc3 6. Bxc3 d5 7. e5 Nd7 8. b4 Nb6 9. Qg4 Kf8 10. Bd3 h5 11. Qf3 f5 12. Bd2 g5 13. h3 Nc4 14. Bc1 a5 15. c3 axb4 16. cxb4 Qe7 17. Bxc4 bxc4 18. Ne2 Ke8 19. Qe3 f4 20. Qf3 Qf7 21. g3 Qf5 22. gxf4 Ne7 23. Qc3 gxf4 24. Bxf4 Qe4 25. f3 Qd3 26. Qxd3 cxd3 27. Nc1 Ba6 28. Kd2 Nf5 29. Kc3 Rg8 30. Nxd3 Bxd3 31. Kxd3 Kf7 32. Rhc1 Rgc8 33. a4 Nh4 34. Ke2 Rab8 35. Rab1 Nf5 36. Be3 Nxe3 37. Kxe3 Ke7 38. Rg1 Rg8 39. Rxg8 Rxg8 40. Kf2 Kd7 41. b5 Ra8 42. bxc6+ Kxc6 43. Ra1 Ra5 44. Kg3 Ra8 45. Kh4 Rf8 46. Ra3 Rf4+ 47. Kxh5 Rxd4 48. Kg5 Kb6 49. h4 Ka5 50. h5 Rd1 51. h6 d4 52. h7 Rh1 53. Kg6 Kb4 54. Rd3 Kc4 55. Rd1 Rxd1 56. h8Q Kc3 57. Qc8+ Kd3 58. Qxe6 Ke3 59. Qb3+ Rd3 60. Qxd3+ Kxd3 61. e6 Kc2 62. e7 d3 63. e8Q 1-0

[Event "Pfalz-ch HT1 87th"]
[Site "Landau"]
[Date "2018.03.23"]
[Round "1"]
[White "Drumm, Beate"]
[Black "Baier, Philip"]
[Result "0-1"]
[WhiteElo "1381"]
[BlackElo "1832"]
[PlyCount "96"]
[EventDate "2018.03.23"]
[EventType "swiss"]
[EventRounds "7"]
[EventCountry "GER"]
[SourceTitle "EXT 2019"]
[Source "ChessBase"]
[SourceDate "2018.10.10"]
[SourceVersion "1"]
[SourceVersionDate "2018.10.10"]
[SourceQuality "1"]

1. d4 Nf6 2. c4 g6 3. Nc3 d5 4. e3 Bg7 5. Nf3 0-0 6. Bd3 Bg4 7. h3 dxc4 8. Bxc4 Bf5 9. 0-0 c5 10. Qb3 Qc7 11. Ne5 e6 12. f3 cxd4 13. exd4 Nc6 14. Nxc6 Qxc6 15. d5 Qc5+ 16. Kh1 Rac8 17. Be2 Nxd5 18. Nxd5 exd5 19. Bd3 Bxd3 20. Qxd3 Rfe8 21. Rb1 Qc2 22. Qxc2 Rxc2 23. a3 Ree2 24. Rg1 d4 25. b4 d3 26. Bf4 d2 27. Rgd1 Bb2 28. a4 Rc1 29. Bxd2 Rxb1 30. Rxb1 Rxd2 31. b5 Rc2 32. Kh2 Be5+ 33. Kg1 Bf4 34. Kf1 Rc1+ 35. Rxc1 Bxc1 36. Ke2 b6 37. Kd3 Kf8 38. Kc4 Ke7 39. Kd5 Kd7 40. g3 Be3 41. Ke5 Bg5 42. f4 Be7 43. g4 f6+ 44. Ke4 Kd6 45. Kd4 f5 46. g5 Ke6 47. Ke3 Kd5 48. Kd3 Kc5 0-1

[Event "Eschborn op"]
[Site "Eschborn"]
[Date "2017.10.14"]
[Round "1"]
[White "Claus, Simon Martin"]
[Black "Drumm, Beate"]
[Result "1-0"]
[WhiteElo "1511"]
[BlackElo "1272"]
[PlyCount "66"]
[EventDate "2017.10.13"]
[EventType "swiss"]
[EventRounds "5"]
[EventCountry "GER"]
[SourceTitle "EXT 2019"]
[Source "ChessBase"]
[SourceDate "2018.10.10"]
[SourceVersion "1"]
[SourceVersionDate "2018.10.10"]
[SourceQuality "1"]

1. e4 e6 2. d4 d5 3. e5 c5 4. c3 Nc6 5. Nf3 Qb6 6. Be2 cxd4 7. cxd4 Bb4+ 8. Nc3 f6 9. 0-0 fxe5 10. dxe5 Qc7 11. Bf4 Nge7 12. Nb5 Qd7 13. Nfd4 0-0 14. Bg3 a6 15. Nxc6 Nxc6 16. Nd4 Nxd4 17. Qxd4 Ba5 18. Rac1 b5 19. Qh4 Bb7 20. Bd3 h6 21. Qg4 g5 22. h4 Bd8 23. f4 Bc8 24. Rc2 Qg7 25. hxg5 hxg5 26. f5 Bb6+ 27. Kh1 Qh6+ 28. Bh2 exf5 29. Bxf5 Bxf5 30. Rxf5 Qg6 31. Rxg5 Rf1+ 32. Bg1 Rxg1+ 33. Kh2 Kf7 1-0

[Event "Eschborn op"]
[Site "Eschborn"]
[Date "2017.10.14"]
[Round "3"]
[White "Ross, Heinrich"]
[Black "Drumm, Beate"]
[Result "1-0"]
[WhiteElo "1443"]
[BlackElo "1272"]
[PlyCount "87"]
[EventDate "2017.10.13"]
[EventType "swiss"]
[EventRounds "5"]
[EventCountry "GER"]
[SourceTitle "EXT 2019"]
[Source "ChessBase"]
[SourceDate "2018.10.10"]
[SourceVersion "1"]
[SourceVersionDate "2018.10.10"]
[SourceQuality "1"]

1. e4 e6 2. Nf3 d5 3. d3 Bc5 4. Be2 Nf6 5. 0-0 0-0 6. e5 Nfd7 7. d4 Bb6 8. c3 c5 9. Qc2 h6 10. Bd3 Nc6 11. Bb5 c4 12. Bxc6 bxc6 13. b4 a5 14. Ba3 axb4 15. Bxb4 c5 16. Ba3 Re8 17. Re1 cxd4 18. Nxd4 Qg5 19. Bc1 Qe7 20. Nd2 f6 21. N2f3 fxe5 22. Nc6 Qf6 23. Ncxe5 Nxe5 24. Nxe5 Rf8 25. Qe2 Bc7 26. f4 Ba5 27. Bd2 Bc7 28. Rf1 Bb6+ 29. Kh1 Qf5 30. Rfe1 Ra3 31. g4 Qf6 32. Qg2 Qd8 33. g5 h5 34. Qh3 Qe8 35. g6 Rf5 36. Bc1 Ra7 37. a3 Bb7 38. Nf3 Qc6 39. Nd4 Bxd4 40. cxd4 Ra5 41. Bd2 Rb5 42. Bb4 Qe8 43. Qxf5 Rb6 44. Qxh5 1-0